| 000 | 00611nam a2200145Ia 4500 | ||
|---|---|---|---|
| 008 | 140724s9999 xx 000 0 und d | ||
| 050 |
_aRT 84.5 _b.D582 2007 |
||
| 100 | _aDimaandal, Erika Larraine Santos. | ||
| 245 |
_aCognitive preparedness of pioneer nursing students of Southville International School and Colleges in taking the Philippine Nurses Licensure Examination (PNLE) / _cErika Larraine Santos Dimaandal. |
||
| 260 |
_aLas PiƱas, Philippines : _bSouthville International School and Colleges, _cc2007. |
||
| 300 |
_a102 p. : _bill. ; _c28 cm. |
||
| 521 | _aNursing | ||
| 942 | _cTH | ||
| 999 |
_c229047 _d229047 |
||